[Event "20th Open"]
[Site "Nice FRA"]
[Date "2004.12.30"]
[Round "7"]
[White "Bujisho,B"]
[Black "Henneteau,J"]
[Result "0-1"]
[WhiteElo "2385"]
[BlackElo "2063"]

1.Nf3 d5 2.c4 e6 3.e3 Nf6 4.b3 Nbd7 5.Bb2 Be7 6.Qc2 a6 7.Be2 O-O 8.g4 b6
9.Rg1 Bb7 10.g5 Ne4 11.d3 Nd6 12.Nbd2 c5 13.h4 b5 14.cxd5 exd5 15.Nh2 Rc8
16.Ng4 d4 17.Bf3 Qb6 18.Qd1 Nf5 19.Bxb7 Qxb7 20.e4 c4 21.exf5 c3 22.Ne4 cxb2
23.Rb1 Qc7 24.Rxb2 Qf4 25.Rc2 Nb6 26.f6 Bb4+ 27.Ke2 Rxc2+ 28.Qxc2 Rc8 29.Qb2 Nd5
30.fxg7 Nc3+ 31.Kf1 Qf3 32.Ngf6+ Kxg7 33.Nxc3 dxc3 34.Qc2 Qh3+ 35.Ke2 Rc6
36.d4 Re6+ 37.Kd1 Qxh4 38.d5 Re5 39.f4 Re3 40.Rf1 Qh3 41.Rg1 Rd3+ 42.Kc1 Qe3+  0-1

[Event "34th Rilton Cup"]
[Site "Stockholm SWE"]
[Date "2004.12.30"]
[Round "4"]
[White "Lappalainen,T"]
[Black "McGowan,D"]
[Result "1/2-1/2"]
[WhiteElo "2188"]
[BlackElo "2098"]

1.Nf3 d5 2.c4 c6 3.b3 Nf6 4.Bb2 g6 5.g3 Bg7 6.Bg2 O-O 7.O-O b6 8.d3 Bb7 9.Qc2 c5
10.cxd5 Bxd5 11.Nc3 Bb7 12.d4 cxd4 13.Nb5 Nc6 14.Rad1 Rc8 15.Qb1 Qd7 16.Nbxd4  1/2-1/2

[Event "Open A"]
[Site "Krakow POL"]
[Date "2005.01.03"]
[Round "8"]
[White "Mola,P"]
[Black "Wozniak,Mac"]
[Result "1/2-1/2"]
[WhiteElo "2294"]
[BlackElo "2148"]

1.Nf3 d5 2.c4 c6 3.g3 Nf6 4.Bg2 Nbd7 5.cxd5 cxd5 6.Nc3 e5 7.d4 e4 8.Ne5 Nb6
9.Qb3 Bd6 10.O-O O-O 11.a4 a5 12.f3 Be6 13.Nb5 Bb8 14.Qd1 Qe7 15.b3 Rc8 16.Ba3 Qd8
17.Qd2 Nbd7 18.f4 Qb6 19.e3 Bf5 20.h3 h5 21.Rac1 Re8 22.Kh2 Qe6 23.Rc3 Rd8
24.Nxd7 Qxd7 25.Rfc1 Ne8 26.Bf1 Ra6 27.Rc5 Rg6 28.Qc2 Qe6  1/2-1/2

[Event "Intl"]
[Site "Hastings ENG"]
[Date "2005.01.04"]
[Round "8"]
[White "McNab,C"]
[Black "Pert,N"]
[Result "0-1"]
[WhiteElo "2434"]
[BlackElo "2501"]

1.Nf3 d5 2.c4 c6 3.g3 dxc4 4.Qc2 Qd5 5.Nc3 Qh5 6.Bg2 Nf6 7.Ne4 Nxe4 8.Qxe4 Qd5
9.Ne5 Qxe4 10.Bxe4 Be6 11.b3 cxb3 12.axb3 g6 13.Nc4 Bg7 14.Ra3 Nd7 15.O-O O-O
16.d3 Bd5 17.Bg2 Bxg2 18.Kxg2 Rfc8 19.b4 b5 20.Na5 c5 21.bxc5 Nxc5 22.Bd2 Na4
23.Bb4 Rc7 24.e3 Rac8 25.d4 e6 26.Rb3 a6 27.Rd1 Bf8 28.Be1 Rc1 29.Rxc1 Rxc1
30.Kf1 Rc2 31.e4 Nb6 32.Rc3 Rxc3 33.Bxc3 Na4 34.Bd2 Bd6 35.Ke2 Kf8 36.Kd3 Ke8
37.f4 Kd7 38.d5 exd5 39.exd5 Bf8 40.Nc6 Nc5+ 41.Ke3 Kd6 42.Nb4 Bg7  0-1

[Event "XXX Open"]
[Site "Seville ESP"]
[Date "2005.01.07"]
[Round "1"]
[White "Mirzoev,A"]
[Black "Espasa Gonzalez,J"]
[Result "1-0"]
[WhiteElo "2513"]
[BlackElo "2008"]

1.Nf3 d5 2.c4 c6 3.b3 Nf6 4.g3 g6 5.Bg2 Bg7 6.Bb2 Nbd7 7.O-O e6 8.Nc3 O-O
9.d3 Re8 10.Qc2 a6 11.Rac1 Rb8 12.Rfd1 b5 13.cxd5 cxd5 14.a4 b4 15.Nb1 Bb7
16.Qc7 Qe7 17.Nbd2 Rec8 18.Qa5 Bh6 19.e3 e5 20.Bh3 Rxc1 21.Rxc1 Rc8 22.Rxc8+ Bxc8
23.Qc7 Bf8 24.Qxc8  1-0

[Event "Open"]
[Site "Prague CZE"]
[Date "2005.01.14"]
[Round "1"]
[White "Vokac,M"]
[Black "Grete,M"]
[Result "1-0"]
[WhiteElo "2476"]
[BlackElo "2101"]

1.Nf3 d5 2.c4 e6 3.d4 Nf6 4.Nc3 Be7 5.Bg5 O-O 6.e3 h6 7.Bxf6 Bxf6 8.Rc1 c6
9.Bd3 Nd7 10.O-O dxc4 11.Bxc4 e5 12.h3 exd4 13.exd4 Nb6 14.Bb3 Re8 15.Re1 Rxe1+
16.Qxe1 Bf5 17.Ne5 Bxe5 18.Qxe5 Qd7 19.Re1 Rd8 20.Re3 Bg6 21.Ne2 Nd5 22.Bxd5 Qxd5
23.Qe7 Qd7 24.Qa3 a6 25.Re7 Qc8 26.Qe3 Kf8 27.Nf4 Bb1 28.a4 b5 29.a5 Rxd4
30.Rxf7+ Kxf7 31.Qxd4 c5 32.Qd5+ Ke7 33.Qe5+ Kf7 34.Nd5 b4 35.Qe7+ Kg8 36.Nc7 Qb7
37.Qxc5 Be4 38.f3 Bd3 39.Qd5+ Qxd5 40.Nxd5 b3 41.h4 Kf7 42.Kf2 Ke6  1-0

[Event "Tch-FIN 2004-5"]
[Site "Finland FIN"]
[Date "2005.01.15"]
[Round "6"]
[White "Porrasmaa,T"]
[Black "Kivimaki,J"]
[Result "1-0"]
[WhiteElo "2219"]
[BlackElo "2208"]

1.Nf3 d5 2.c4 c6 3.g3 b5 4.b3 Nf6 5.Bg2 e6 6.O-O a5 7.d3 Be7 8.Bb2 a4 9.bxa4 bxc4
10.dxc4 O-O 11.Nc3 Qa5 12.cxd5 cxd5 13.Nd4 Ba6 14.Ncb5 Rc8 15.Qb3 Nc6 16.Rfc1 Nxd4
17.Bxd4 Qd2 18.Be3 Qxe2 19.Bf1 Qg4 20.Nc7 Bxf1 21.Nxa8 Rxc1 22.Rxc1 Qh3 23.Rc8+ Bf8
24.Rxf8+ Kxf8 25.Bc5+ Ke8 26.Qb8+ Kd7 27.Qc7+ Ke8 28.Qe7+  1-0

[Event "Open"]
[Site "Prague CZE"]
[Date "2005.01.20"]
[Round "8"]
[White "Vokac,M"]
[Black "Hasangatin,R"]
[Result "1/2-1/2"]
[WhiteElo "2476"]
[BlackElo "2353"]

1.Nf3 d5 2.c4 c6 3.d4 Nf6 4.Nc3 dxc4 5.a4 Bf5 6.Ne5 Nbd7 7.Nxc4 Nd5 8.g3 Nb4
9.e4 Bg4 10.Be2 Bh3 11.Be3 e6 12.a5 Be7 13.Qb3 b5 14.axb6 axb6 15.Rd1 O-O
16.Rg1 f5 17.Ne5 Kh8 18.Nd3 Nxd3+ 19.Bxd3 Nf6 20.Qxe6 fxe4 21.Qxh3 exd3 22.Qf5 Bb4
23.Qxd3 Ra2 24.Kf1 Rxb2 25.Ne2 Ng4 26.Nf4 Qe7 27.Rg2 g5 28.Bc1 gxf4 29.Bxb2 f3
30.d5+ Kg8 31.Qd4 fxg2+ 32.Kg1 Nf6 33.dxc6 Bc5 34.Qf4 Bxf2+ 35.Kxg2 Be3 36.Bxf6 Qe6
37.Qe5 Qxc6+ 38.Kh3 Rxf6 39.Qxe3 Rh6+ 40.Kg4 Qc8+ 41.Kf3 Qf5+ 42.Qf4 Qxf4+
43.Kxf4 Rxh2 44.Rd8+ Kf7 45.Rd7+ Ke8 46.Rb7 Rh6 47.g4  1/2-1/2

[Event "Zimski Winter Open"]
[Site "Belgrade SCG"]
[Date "2005.01.23"]
[Round "2"]
[White "Stanisic,J"]
[Black "Djurdjevic,P"]
[Result "0-1"]
[WhiteElo "1747"]
[BlackElo "2056"]

1.Nf3 d5 2.c4 d4 3.d3 c5 4.g3 g6 5.Bg2 Bg7 6.O-O e5 7.e3 Ne7 8.Re1 O-O 9.exd4 exd4
10.Nbd2 Nbc6 11.Ne4 b6 12.Bf4 Bd7 13.Qc1 Bf5 14.Bh6 Nb4 15.Bxg7 Kxg7 16.Qd1 Rc8
17.a3 Nbc6 18.Rb1 a5 19.Nh4 Be6 20.Nf3 h6 21.Qc1 Qc7 22.h3 Rce8 23.Kh2 Bd7
24.Ng1 f5 25.Nd2 Ne5 26.Qc2 f4 27.Ndf3 fxg3+ 28.fxg3 Nf5 29.Nxe5 Rxe5 30.Ne2 Ne3
31.Qb3 Nxg2 32.Kxg2 Qc6+ 33.Kg1 Bxh3 34.Nf4 Rxf4  0-1

[Event "IMA1"]
[Site "Marianske Lazne CZE"]
[Date "2005.01.24"]
[Round "3"]
[White "Wiley,To"]
[Black "Petr,Ma"]
[Result "1/2-1/2"]
[WhiteElo "2208"]
[BlackElo "2266"]

1.Nf3 d5 2.c4 e6 3.g3 Nf6 4.Bg2 Be7 5.O-O O-O 6.b3 c6 7.Bb2 Nbd7 8.d3 b6
9.Nbd2 Qc7 10.Rc1 Bb7 11.cxd5 exd5 12.Nd4 Rfe8 13.Rc2 Rac8 14.Qa1 Qb8 15.N2f3 g6
16.e3 Qd6 17.Rd1 Bf8 18.Re2 Ba6 19.Ree1 c5 20.Ne2 Bg7 21.d4 c4 22.bxc4 Bxc4
23.a4 Ne4 24.Nc3 Bb3 25.Rc1 Qb4 26.a5 Qxa5 27.Qxa5 bxa5 28.Nxe4 Rxc1 29.Rxc1 dxe4
30.Nd2 Bd5 31.Ra1 Nf6 32.Rxa5 Ra8 33.Ba3 Bf8 34.Bxf8 Kxf8 35.f3 exf3 36.Bxf3 Bxf3
37.Nxf3 Nd7 38.e4 Ke7 39.Kf2 a6 40.Ke3 f6 41.d5 Ne5 42.Nxe5 fxe5 43.Kd3 Kd6
44.Kc4 Rc8+ 45.Kd3 Ra8 46.Kc4 Rc8+ 47.Kd3 Ra8  1/2-1/2

[Event "Zimski Winter Open"]
[Site "Belgrade SCG"]
[Date "2005.01.27"]
[Round "5"]
[White "Lundin,J"]
[Black "Becelic,D"]
[Result "1-0"]
[WhiteElo "2274"]
[BlackElo "2138"]

1.Nf3 d5 2.c4 e6 3.d4 Nf6 4.g3 dxc4 5.Bg2 Nbd7 6.O-O c5 7.Na3 cxd4 8.Nxc4 Nb6
9.Bg5 Be7 10.Rc1 h6 11.Bd2 d3 12.Ba5 O-O 13.exd3 Nfd5 14.Nfe5 Bd7 15.Bxd5 exd5
16.Bxb6 Qe8 17.Nxd7 dxc4 18.Nxf8 axb6 19.Ng6 fxg6 20.Rxc4 Kh7 21.Qb3 Qd8
22.Re1 Ra5 23.Re6 Rf5 24.Rce4 Bf8 25.d4 b5 26.Qe3 Qa5 27.a3 b4 28.R4e5 Rxe5
29.Qxe5 Qa4 30.axb4 Qa1+ 31.Kg2 Qxb2 32.Qe4 Qxb4 33.Qxg6+ Kg8 34.Re8 b5 35.Qe6+ Kh7
36.Qf7 Qd6 37.Rxf8  1-0

[Event "Zimski Winter Open"]
[Site "Belgrade SCG"]
[Date "2005.01.28"]
[Round "6"]
[White "Stanisic,J"]
[Black "Petrovic,Mil"]
[Result "0-1"]
[WhiteElo "1747"]
[BlackElo "2024"]

1.Nf3 d5 2.c4 Nf6 3.g3 c5 4.cxd5 Nxd5 5.d4 cxd4 6.Nxd4 e5 7.Nf3 Nc6 8.Bg2 Bb4+
9.Bd2 e4 10.Ng1 e3 11.Bxb4 exf2+ 12.Kxf2 Qb6+ 13.Ke1 Qxb4+ 14.Qd2 Be6 15.a3 Qxd2+
16.Nxd2 O-O 17.e4 Ne3 18.Kf2 Ng4+ 19.Ke1 Nd4 20.Rc1 Rac8 21.Rd1 Ne3  0-1

[Event "Open"]
[Site "Geneva SUI"]
[Date "2005.01.28"]
[Round "7"]
[White "Gerber,R"]
[Black "Geenen,M"]
[Result "1/2-1/2"]
[WhiteElo "2378"]
[BlackElo "2356"]

1.Nf3 d5 2.c4 c6 3.d4 Nf6 4.Nc3 dxc4 5.e3 b5 6.a4 b4 7.Na2 e6 8.Bxc4 Nbd7
9.O-O Bb7 10.Bd2 a5 11.Nc1 Be7 12.Nb3 O-O 13.Qe2 c5  1/2-1/2

[Event "XII TCh-RUS 1st League"]
[Site "Smolensk RUS"]
[Date "2005.02.03"]
[Round "1"]
[White "Meshkov,Y"]
[Black "Vitiugov,N"]
[Result "0-1"]
[WhiteElo "2392"]
[BlackElo "2478"]

1.Nf3 d5 2.c4 e6 3.g3 Nf6 4.Bg2 dxc4 5.Qa4+ Nbd7 6.O-O a6 7.Qxc4 b5 8.Qc6 Rb8
9.a4 Bc5 10.Ne1 Bb7 11.Qxb7 Rxb7 12.Bxb7 Nb8 13.axb5 axb5 14.Nd3 Bb6 15.Nc3 Nd5
16.Nxd5 exd5 17.Nf4 c6 18.Ra8 Kd7 19.d3 Re8 20.e3 Qc7 21.Ba6 Ba7 22.Nxd5 cxd5
23.Bxb5+ Ke7 24.Bxe8 Kxe8 25.b4 Qb7 26.Rxa7 Qxa7 27.Bb2 f6 28.Bd4 Qd7 29.Bc5 Qb5
30.Ra1 Nc6 31.d4 Kf7 32.Kg2 h5 33.h3 Kg6 34.Ra8 Kf5 35.Rh8 g6 36.Rf8 Qd3
37.Re8 g5 38.Kg1 Qb5 39.Rh8 Kg6 40.Rg8+ Kh7 41.Rf8 Kg7 42.Rc8 Qb7 43.Re8 h4
44.g4 Nxb4 45.Bxb4 Qxb4 46.Ra8 Qb1+ 47.Kg2 Qe4+ 48.Kh2 Qf3 49.Ra2 Kg6 50.Rb2 f5
51.gxf5+ Kxf5 52.Ra2 g4  0-1

[Event "ch-POL u-20"]
[Site "Sroda Wlkp. POL"]
[Date "2005.02.05"]
[Round "7"]
[White "Pakleza,Z"]
[Black "Warakomski,T"]
[Result "1-0"]
[WhiteElo "2413"]
[BlackElo "2397"]

1.Nf3 d5 2.c4 dxc4 3.Na3 Nf6 4.Nxc4 g6 5.g3 Bg7 6.Bg2 O-O 7.O-O c6 8.d3 Nbd7
9.Bd2 Nb6 10.Na5 Re8 11.Qc2 e5 12.e4 Qc7 13.h3 Nfd7 14.b4 Nf8 15.Nb3 Ne6
16.Rac1 Bd7 17.Be3 Rad8 18.Rfd1 f5 19.Bd2 Bc8 20.b5 Qf7 21.bxc6 bxc6 22.Ng5 Qf6
23.Nxe6 Bxe6 24.Nc5 Bf7 25.a4 f4 26.Rb1 Bf8 27.Be1 Qe7 28.Rdc1 Qxc5 29.Qxc5 Bxc5
30.Rxc5 Nxa4 31.Ra5 Nb6 32.Rxa7 Rxd3 33.Rxb6 Rd1 34.Kh2 Rxe1 35.Rbb7 Rf8
36.Bf3 Kg7 37.gxf4 exf4 38.Rc7 h5 39.Rxc6 Kh6 40.h4 Bg8 41.Ra5 Kg7 42.Kg2 Rf6
43.Rc7+ Rf7 44.Rc8 Re7 45.Rg5 Bf7 46.Rc6 R1xe4 47.Bxe4 Rxe4 48.Kf3 Rd4 49.Rcc5 Be8
50.Rge5 Bf7 51.Ra5 Bb3 52.Kg2 Bc2 53.Rec5 Be4+ 54.f3 Rd2+ 55.Kf1 Bd3+ 56.Ke1 Re2+
57.Kd1 Re6 58.Re5 Rb6 59.Kd2 Bf5 60.Ra4 Rb2+ 61.Kc3 Rc2+ 62.Kb3 Rf2 63.Rxf4 Bg4
64.Re7+ Kh6 65.fxg4  1-0

[Event "ch-POL u-20"]
[Site "Sroda Wlkp. POL"]
[Date "2005.02.07"]
[Round "10"]
[White "Czakon,J"]
[Black "Stopa,Ja"]
[Result "1-0"]
[WhiteElo "2428"]
[BlackElo "2334"]

1.Nf3 d5 2.c4 c6 3.d4 Nf6 4.e3 Bf5 5.Nc3 e6 6.Nh4 Bg6 7.Nxg6 hxg6 8.g3 Nbd7
9.Bg2 dxc4 10.Qe2 Nb6 11.O-O Bb4 12.a3 Be7 13.Rd1 Nfd5 14.Nb1 O-O 15.e4 Nf6
16.a4 a5 17.Be3 Bb4 18.Nc3 Qc7 19.Bf4 Qe7 20.Bg5 Qc7 21.Qf3 Nfd7 22.e5 Nd5
23.h4 f6 24.exf6 Bxc3 25.bxc3 N7xf6 26.Re1 Rae8 27.Qe2 b5 28.Rac1 Re7 29.axb5 cxb5
30.Bxd5 Nxd5 31.Bxe7 Qxe7 32.f4 Re8 33.Qg4 Qf6 34.Re5 Kf7 35.h5 gxh5 36.Qxh5+ Qg6
37.Qxg6+ Kxg6 38.f5+ Kf6 39.fxe6 Nc7 40.Rf1+  1-0

[Event "ch-POL u-20"]
[Site "Sroda Wlkp. POL"]
[Date "2005.02.07"]
[Round "10"]
[White "Pakleza,Z"]
[Black "Gajewski,G"]
[Result "1/2-1/2"]
[WhiteElo "2413"]
[BlackElo "2401"]

1.Nf3 d5 2.c4 c6 3.d4 Nf6 4.cxd5 cxd5 5.Nc3 Nc6 6.Bf4 Qb6 7.Na4 Qa5+ 8.Bd2 Qd8
9.Rc1 e6 10.e3 Ne4 11.a3 Bd6 12.Bd3 O-O 13.O-O Ne7 14.Bb4 Bxb4 15.axb4 b6
16.Qc2 Bb7 17.Qc7 Nd6 18.Qxd8 Rfxd8 19.Rc7 Nc6 20.b5 Nb4 21.Be2 Rac8 22.Rfc1 Na2
23.Rxc8 Rxc8 24.Rxc8+ Bxc8 25.Ne5 Nb4 26.Nc3 f6 27.Nf3 Kf7 28.Kf1 Ke7 29.Ke1 a6
30.Kd2 axb5 31.Nxb5 Ne4+ 32.Ke1 Nc2+ 33.Kd1 Nb4 34.Ke1 Nc2+ 35.Kd1 Nb4  1/2-1/2

[Event "XI Open"]
[Site "Coria del Rio BRA"]
[Date "2005.02.13"]
[Round "4"]
[White "Matamoros Franco,C"]
[Black "Teran Alvarez,I"]
[Result "1/2-1/2"]
[WhiteElo "2522"]
[BlackElo "2422"]

1.Nf3 d5 2.c4 d4 3.b4 g6 4.d3 Bg7 5.g3 e5 6.Bg2 Ne7 7.O-O O-O 8.Nbd2 h5 9.Nb3 Nd7
10.a4 Rb8 11.Ra2 b6 12.b5 Bb7 13.a5 Re8 14.Re1 Nf5 15.axb6 axb6  1/2-1/2

[Event "Jersey Open"]
[Site "Jersey JCI"]
[Date "2005.02.14"]
[Round "2"]
[White "Constantinou,P"]
[Black "Clark,IC"]
[Result "1/2-1/2"]
[WhiteElo "2122"]
[BlackElo "2107"]

1.Nf3 d5 2.c4 e6 3.d4 Nf6 4.Nc3 Bb4 5.Bg5 Bxc3+ 6.bxc3 O-O 7.e3 c6 8.Bxf6 Qxf6
9.Bd3 Nd7 10.cxd5 cxd5 11.Qb3 Qd8 12.O-O b6 13.a4 Qc7 14.a5 bxa5 15.Rfc1 Bb7
16.Qa3 Rfc8 17.Qxa5 Nb6 18.Nd2 Qe7 19.Nb3 g6 20.g3 Qf6 21.Qb4 Bc6 22.Qd6 Nc4
23.Qf4 Qxf4  1/2-1/2

[Event "71st ch-BRA"]
[Site "Sao Paulo BRA"]
[Date "2005.02.17"]
[Round "5"]
[White "Chemin,V"]
[Black "Miranda,Rob"]
[Result "1/2-1/2"]
[WhiteElo "2363"]
[BlackElo "2208"]

1.Nf3 d5 2.c4 c6 3.cxd5 cxd5 4.d4 Nf6 5.Nc3 Nc6 6.Bf4 Qb6 7.Qb3 e6 8.e3 Bd7
9.Be2 Bb4 10.O-O O-O 11.a3 Be7 12.Qxb6 axb6 13.Ne5 Nxe5 14.Bxe5 Rfc8 15.Rfc1 Ne8
16.f3 Nd6 17.Bxd6 Bxd6 18.Kf2 Kf8 19.f4 Ke7 20.g4 Rc7 21.Nb5 Bxb5 22.Rxc7+ Bxc7
23.Bxb5 Bd6 24.Rc1 h6 25.h4 f6 26.Kf3 Kd8 27.Bd3 Rc8 28.Rg1 e5 29.fxe5 fxe5
30.dxe5 Bxe5 31.g5 Bxb2 32.gxh6 gxh6 33.Rb1 Rc3 34.Ke2 Bxa3 35.Rxb6 Rc6 36.Rxb7 Be7
37.h5 Re6 38.Rb5 Re5 39.Bc4 Rxh5 40.Bxd5 Kc7 41.e4 Rh3 42.e5 Bg5 43.Bf3 Kd8
44.Rb7 Ke8 45.e6 Kd8 46.Rf7 Ke8 47.Kd3 Rxf3+  1/2-1/2

[Event "III Festival Olimpico"]
[Site "Salinas ECU"]
[Date "2005.02.18"]
[Round "3"]
[White "Medina,M CUB"]
[Black "Munoz Sanchez,M"]
[Result "1-0"]
[WhiteElo "2440"]
[BlackElo "2388"]

1.Nf3 d5 2.c4 c6 3.e3 Nf6 4.Nc3 g6 5.d4 Bg7 6.Bd3 O-O 7.O-O Nbd7 8.cxd5 cxd5
9.Bd2 e5 10.dxe5 Ng4 11.Be2 Ndxe5 12.h3 Nxf3+ 13.Bxf3 Ne5 14.Bxd5 Nd3 15.e4 Be5
16.Qf3 Nb4 17.Bf4 Qf6 18.Bxe5 Qxe5 19.Rad1 Nxd5 20.exd5 Kg7 21.Rfe1 Qf6 22.Qg3 Bf5
23.Re5 Rfe8 24.f4 b5 25.Nxb5 Qb6+ 26.Nd4 Bc2 27.Rd2 f6 28.Rxe8 Rxe8 29.Kh2 Be4
30.d6 Bd5  1-0

[Event "Extraliga CZE 2004-5"]
[Site "Czech Rep CZE"]
[Date "2005.02.19"]
[Round "6"]
[White "Pakleza,Z"]
[Black "Lipka,J"]
[Result "0-1"]
[WhiteElo "2413"]
[BlackElo "2388"]

1.Nf3 d5 2.c4 e6 3.d4 dxc4 4.e3 c5 5.Bxc4 a6 6.O-O Nf6 7.Qe2 b5 8.Bb3 Bb7
9.Rd1 Nbd7 10.Nc3 Qb8 11.d5 c4 12.dxe6 fxe6 13.Bc2 Bd6 14.e4 O-O 15.h3 Qc7
16.Kh1 Rae8 17.Bg5 h6 18.Qd2 Bb4 19.Bf4 e5 20.Bg3 Nc5 21.Nxb5 Qa5 22.Nc3 Ncxe4
23.Qe2 Bxc3 24.bxc3 Nxg3+ 25.fxg3 e4 26.Qxc4+ Bd5 27.Rxd5 Qxd5 28.Qxd5+ Nxd5
29.Bb3 exf3 30.Bxd5+ Kh8 31.Bxf3 Re3 32.Rc1 Rfe8 33.Kh2 Rd8 34.Rc2 Rdd3 35.c4 Rc3
36.Rb2 Re8 37.Bd5 Rc8 38.h4 a5 39.h5 a4 40.Rb4 a3 41.Ra4 Rb8 42.Ra7 Re8 43.Kh3 Rce3
44.Kg4 Rf8 45.Kh4 Rd3 46.g4 Rc3 47.g5 Rf4+ 48.g4 hxg5+ 49.Kxg5 Rf8 50.h6 gxh6+
51.Kg6 Rg8+ 52.Bxg8  0-1

[Event "Aeroflot Open"]
[Site "Moscow RUS"]
[Date "2005.02.22"]
[Round "8"]
[White "Ghaem Maghami,E"]
[Black "Petrosian,TL"]
[Result "1/2-1/2"]
[WhiteElo "2623"]
[BlackElo "2568"]

1.Nf3 d5 2.c4 e6 3.g3 c5 4.cxd5 exd5 5.d4 Nc6 6.Bg2 Nf6 7.O-O Be7 8.Nc3 O-O
9.dxc5 Bxc5 10.Bg5 d4 11.Bxf6 Qxf6 12.Nd5 Qd8 13.Nd2 Re8 14.Rc1 Bb6 15.Nf4  1/2-1/2

[Event "Aeroflot Open B"]
[Site "Moscow RUS"]
[Date "2005.02.22"]
[Round "8"]
[White "Pantsulaia,L"]
[Black "Belozerov,A"]
[Result "1/2-1/2"]
[WhiteElo "2484"]
[BlackElo "2546"]

1.Nf3 d5 2.c4 e6 3.d4 Nf6 4.Nc3 Nbd7 5.cxd5 exd5 6.Bg5 Be7 7.e3 c6 8.Bd3 O-O
9.Qc2 Re8 10.h3 Nf8 11.Bf4 Bd6 12.Bxd6 Qxd6 13.O-O Be6 14.Rab1 Rac8 15.b4 Re7
16.Rfc1 Qd8 17.Na4 Ne4 18.Nc5 Nd6 19.a4 a6 20.Nxe6 Rxe6 21.Qa2 b5 22.Ne5 Qe8
23.Be2 Re7 24.Bg4 Rcc7 25.Nd3 f5 26.Bf3 Ne6 27.Ne5 Nc4 28.Nxc4 bxc4 29.h4 g5
30.b5 g4 31.b6 Rb7 32.Bd1 Qb8 33.Qb2 a5 34.g3 Rf7 35.Be2 Nf8 36.Rxc4 dxc4
37.Bxc4 Nd7 38.Qc2 Rxb6 39.Rxb6 Nxb6 40.Bxf7+ Kxf7 41.Qxf5+ Kg7 42.Qxg4+ Kh8
43.Qe6 Nxa4 44.Qxc6 Qb1+ 45.Kg2 Nb6 46.Qf6+ Kg8 47.Qg5+ Kf7 48.Qxa5 Qe4+
49.Kg1 Nd5 50.Qa7+ Kg6 51.Qa6+ Kf5 52.Qc8+ Kf6 53.g4 Ne7 54.Qf8+ Ke6 55.Qh6+ Kd5
56.Qg5+ Kc4 57.Kh2 Qf3 58.Qxe7  1/2-1/2

[Event "TCh-SWE Elitserien 2004-5"]
[Site "Sweden SWE"]
[Date "2005.02.26"]
[Round "8"]
[White "Eklund,LG"]
[Black "Svenn,M"]
[Result "1/2-1/2"]
[WhiteElo "2275"]
[BlackElo "2175"]

1.Nf3 d5 2.c4 d4 3.e3 Nc6 4.b4 Nxb4 5.exd4 e5 6.a3 e4 7.axb4 exf3 8.Qxf3 Qxd4
9.Ra4 Nf6 10.Nc3 c6 11.Qe3+ Qxe3+ 12.fxe3 Bf5 13.Be2 Ne4 14.Nxe4 Bxe4 15.O-O f6
16.d3 Bg6 17.e4 a6 18.Be3 b5 19.cxb5 cxb5 20.Ra2 Bxb4 21.Rb1 Bc3 22.Rxb5 O-O
23.Rc5 Bb4 24.Rc6 a5 25.Bc5  1/2-1/2

[Event "Acropolis GM Open"]
[Site "Athens GRE"]
[Date "2005.03.06"]
[Round "1"]
[White "Nikolaou,G"]
[Black "Izoria,Z"]
[Result "0-1"]
[WhiteElo "2286"]
[BlackElo "2607"]

1.Nf3 d5 2.c4 d4 3.b4 c5 4.d3 cxb4 5.a3 b3 6.Nbd2 Nc6 7.Nxb3 e5 8.e3 dxe3
9.Bxe3 a5 10.Qc2 Nf6 11.h3 Bf5 12.g4 Bg6 13.Nh4 a4 14.Nd2 Nd4 15.Qb2 Bc5
16.Nxg6 hxg6 17.Bg2 O-O 18.Rb1 Rb8 19.Bxd4 Bxd4 20.Qc2 Nd7 21.Qxa4 Nc5 22.Qc2 Qa5
23.O-O Qxa3 24.Nb3 Ne6 25.Nxd4 Nxd4 26.Qd2 b6 27.f4 exf4 28.Rxf4 Qd6 29.Rbf1 Rbe8
30.Be4 g5 31.Rf5 Rxe4  0-1

[Event "Acropolis GM Open"]
[Site "Athens GRE"]
[Date "2005.03.06"]
[Round "1"]
[White "Nikolaidis,I"]
[Black "Dorfanis,I"]
[Result "1-0"]
[WhiteElo "2520"]
[BlackElo "2195"]

1.Nf3 d5 2.c4 e6 3.d4 Nf6 4.Bg5 Nbd7 5.Nc3 c6 6.e3 Qa5 7.cxd5 Nxd5 8.Qd2 N7b6
9.Bd3 Na4 10.Nxd5 Qxd2+ 11.Kxd2 exd5 12.b3 Nb6 13.Bf4 Be7 14.a4 a5 15.h4 Bd7
16.h5 Nc8 17.Ne5 Be6 18.Bc2 Nd6 19.f3 Bf5 20.Nd3 h6 21.Rac1 Bh7 22.g4 O-O
23.Rhg1 Kh8 24.Nc5 Bxc2 25.Kxc2 Ra7 26.Kd2 Re8 27.Rg2 f6 28.Re2 Nf7 29.e4 dxe4
30.Rxe4 b6 31.Nd3 Rc8 32.d5 c5 33.Rce1 Bf8 34.Re8 Raa8 35.Rxc8 Rxc8 36.Re6 Rd8
37.Rxb6 Rxd5 38.Rb8 Kg8 39.Ke2 Ng5 40.Be3 Kf7 41.Nf4 Rd7 42.Rb5 Bd6 43.Rxa5 Rb7
44.Rb5 Rxb5 45.axb5 Ke8 46.Nd5 Ne6 47.Kd3 Kd7 48.Ke4 Bb8 49.f4 Bd6 50.Nb6+ Kc7
51.Nc4 Bf8 52.Kd5 Kd7 53.b6 Nd4 54.Bxd4 cxd4 55.Nb2 Bd6 56.Nd3 Bf8 57.b4 Be7
58.b5 Ba3 59.Kxd4 Kd6 60.Ke4 Kd7 61.Kd5  1-0

[Event "TCh-BEL 2004-5"]
[Site "Belgium BEL"]
[Date "2005.03.06"]
[Round "10"]
[White "De Bruycker,B"]
[Black "Boidman,Y"]
[Result "1/2-1/2"]
[WhiteElo "2209"]
[BlackElo "2408"]

1.Nf3 d5 2.c4 c6 3.b3 dxc4 4.bxc4 e5 5.Nc3 Nd7 6.Qc2 Ngf6 7.Bb2 Bd6 8.g3 O-O
9.Bg2 Re8 10.O-O Nc5 11.d3 Qe7 12.Ne4 Nfxe4 13.dxe4 Bg4 14.h3 Bxf3 15.Bxf3 Rad8
16.Bg4 Qg5 17.Bc1 Qe7 18.Be3 Bc7 19.Rab1 Ba5 20.Bxc5 Qxc5 21.Rxb7 Rd4 22.Qb3 Bb6
23.e3 Rd2 24.Rd1 Rxd1+ 25.Bxd1 Rd8 26.Bg4 g6 27.Qa4 Rd2 28.Qb3 h5 29.Rd7 Rxd7
30.Bxd7 Qd6 31.Be8 Qe6 32.c5 Qxb3 33.axb3 Bxc5 34.Bxc6 g5 35.Bb5 Kg7 36.Be2 h4
37.gxh4 gxh4 38.Kg2 Kg6 39.Bg4 Kg5 40.Kf3 Bb4 41.Ke2 f6  1/2-1/2

[Event "ch-BLR"]
[Site "Minsk BLR"]
[Date "2005.03.06"]
[Round "3"]
[White "Trifonov,D"]
[Black "Gorovets,A"]
[Result "1-0"]
[WhiteElo "2347"]
[BlackElo "2345"]

1.Nf3 d5 2.c4 dxc4 3.e3 g6 4.Bxc4 Bg7 5.O-O Nf6 6.b3 O-O 7.Bb2 c6 8.d4 Ne4
9.Qc2 Nd6 10.Bd3 a5 11.a3 Nd7 12.Nbd2 e6 13.e4 g5 14.e5 Nf5 15.g4 Nh6 16.Bxh7+ Kh8
17.Ne4 f5 18.gxf5 Nxf5 19.Nexg5 Nb6 20.Qe4 Bh6 21.Qg4 Qe7 22.Kh1 Bd7 23.Rg1 Nd5
24.Bxf5 Rxf5 25.Qh3 Qg7 26.Rg4 Nf4 27.Qg3 Rg8 28.Rxf4 Rxf4 29.Qxf4 Bxg5 30.Qg3 Be7
31.Rg1 Qh7 32.Qxg8+ Qxg8 33.Rxg8+ Kxg8 34.Kg2 Be8 35.Nd2 Bg6 36.Nc4 Bd8 37.Bc3 Bc2
38.b4 a4 39.Kg3 Kh7 40.Ne3 Bd3 41.Kg4 Kg6 42.h4 Be7 43.Ng2 Bf5+ 44.Kg3 Bf8
45.Bd2 Bb1 46.f3 b6 47.h5+ Kh7 48.Be3 Bd3 49.Kf2 b5 50.Kg3 Be7 51.Bd2 Bb1
52.Ne3 Bf8 53.Nd1 Be7 54.Nc3 Bc2 55.Ne2 Bf8 56.Bg5 Bb1 57.Nc3 Bc2 58.Kg4 Bb3
59.Ne4 Ba2 60.Nd6 Kg7 61.Nb7 Bc4 62.Nd8 Bd5 63.Nb7 Bc4 64.Nd6 Bd3 65.Kg3 Bc2
66.f4 Bd1 67.f5 exf5 68.Nxf5+ Kf7 69.Bh6 Bxh5 70.Bxf8 Kxf8 71.e6 Bd1 72.Kf4 Bc2
73.Ke5 Bd3 74.Kf6  1-0

[Event "Mediterranean Flower WGM"]
[Site "Rijeka CRO"]
[Date "2005.03.07"]
[Round "3"]
[White "Bogza,A"]
[Black "Medic,Mir"]
[Result "1/2-1/2"]
[WhiteElo "2272"]
[BlackElo "2245"]

1.Nf3 d5 2.c4 e6 3.e3 Nf6 4.Nc3 Be7 5.b3 c5 6.Bb2 Nc6 7.cxd5 exd5 8.d4 O-O
9.Be2 cxd4 10.Nxd4 Bc5 11.Nxc6 bxc6 12.O-O Bd6 13.Bf3 Re8 14.Rc1 Bf5 15.Na4 Rc8
16.Nc5 Ne4 17.Bxe4 Bxe4 18.Qg4 Be5 19.Bxe5 Rxe5 20.Nxe4 Rxe4 21.Qf3 Re6 22.Rfd1 h6
23.Rc5 Qe8 24.g3 Rd8 25.Rd4 Qe7 26.b4 Rb8 27.a3 a6 28.Ra5 Rb6 29.h4 Qb7 30.h5 Rb5
31.Rxb5 Qxb5 32.Rf4 Qb7 33.Qd1 a5 34.Qd4 axb4 35.axb4 Qe7 36.Rg4 Qf6 37.Qa7 Qe7
38.Qd4 Qf6  1/2-1/2

[Event "ch-RUS u20"]
[Site "Nojabrsk RUS"]
[Date "2005.03.09"]
[Round "8"]
[White "Tomashevsky,E"]
[Black "Riazantsev,A"]
[Result "1/2-1/2"]
[WhiteElo "2540"]
[BlackElo "2596"]

1.Nf3 d5 2.c4 c6 3.e3 Nf6 4.Nc3 a6 5.Be2 Nbd7 6.d4 e6 7.O-O dxc4 8.a4 Bd6
9.e4 e5 10.Bg5 O-O 11.Bxc4 Qc7 12.d5 h6 13.Bh4 g5 14.Bg3 c5 15.Re1 b6 16.Nd2 Re8
17.Bf1 Nf8 18.Rc1 Ng6 19.Nc4 Bf8 20.d6 Qa7 21.a5 b5 22.Nb6 Be6 23.Nxa8 Qxa8
24.Nd5  1/2-1/2

[Event "TCh-SWE Elitserien 2004-5"]
[Site "Malmo SWE"]
[Date "2005.03.12"]
[Round "10"]
[White "Sjoberg,M"]
[Black "Svenn,M"]
[Result "1/2-1/2"]
[WhiteElo "2346"]
[BlackElo "2175"]

1.Nf3 d5 2.c4 d4 3.g3 Nc6 4.Bg2 e5 5.d3 Nf6 6.O-O a5 7.e3 dxe3 8.Bxe3 Be7
9.Nc3 O-O 10.Re1 Bg4 11.h3 Bh5 12.Qd2 Qd7 13.g4 Bg6 14.d4 exd4 15.Bxd4 Rad8
16.Rad1 Nxd4 17.Qxd4 Qc8 18.Qe3  1/2-1/2

[Event "TCh-SWE Elitserien 2004-5"]
[Site "Malmo SWE"]
[Date "2005.03.12"]
[Round "10"]
[White "Eklund,LG"]
[Black "Bator,R"]
[Result "1/2-1/2"]
[WhiteElo "2275"]
[BlackElo "2419"]

1.Nf3 d5 2.c4 c6 3.d4 Nf6 4.Nc3 a6 5.e3 b5 6.b3 Bg4 7.Be2 e6 8.Ne5 Bxe2 9.Qxe2 Nbd7
10.Nxd7 Qxd7 11.O-O Be7 12.Rd1 O-O 13.Bb2 Qb7 14.Rac1 Rac8 15.Rc2 Rfe8 16.Rdc1 h6
17.h3 Bf8 18.Nb1 Ne4 19.Nd2 Nxd2 20.Qxd2 Bd6 21.Qd3 Rc7 22.Bc3 Ba3 23.Rd1 Bf8
24.Rdc1 Ba3 25.Rd1 Bf8 26.Rdc1  1/2-1/2

[Event "TCh-SWE Elitserien 2004-5"]
[Site "Malmo SWE"]
[Date "2005.03.13"]
[Round "11"]
[White "Webb,S"]
[Black "Svenn,M"]
[Result "1/2-1/2"]
[WhiteElo "2420"]
[BlackElo "2175"]

1.Nf3 d5 2.c4 d4 3.g3 Nc6 4.Bg2 e5 5.d3 Nf6 6.O-O a5 7.b3 Be7 8.Na3 O-O 9.Nc2 Re8
10.a3 Bf8 11.Rb1 Bf5 12.b4 axb4 13.axb4 e4 14.Nh4 exd3 15.exd3 Bg4 16.f3 Bc8
17.b5 Nb8 18.f4 Bc5 19.f5 Nbd7 20.Ra1 Rxa1 21.Nxa1 Qe7 22.Nb3 Bb6 23.Kh1 Ne5
24.h3 c5 25.Bf4 h6 26.Nc1 Ned7 27.Bf3 Qd8 28.Re1 Ba5 29.Rxe8+ Qxe8 30.Qe2 Qxe2
31.Nxe2 Ne8 32.g4 Bc7 33.Bxc7 Nxc7 34.Nf4 Ne5 35.Be4 Kf8 36.Kg2 Ke7 37.Nf3 Kd6
38.Nxe5 Kxe5 39.Kf3 Kd6 40.Nh5 Ne8 41.Kf4  1/2-1/2